Determinants of household saving: evidence from Slovakia

Faktory zvyšovania úspor v krátkom a dlhom období. Aplikácia ARDL pre identifikáciu vzťahov faktorov. Význam faktoru pomer závislosti (dependancy ratio).

Gespeichert in:
Bibliographische Detailangaben
1. Verfasser: Pitoňáková, Renáta, 1967-
Format: Buchkapitel
Sprache:Englisch
Schlagworte:
Tags: Tag hinzufügen
Keine Tags, Fügen Sie das erste Tag hinzu!

MARC

LEADER 00000naa a2200000 4500
001 0211300
005 20250930135947.7
041 0 |a eng 
044 |a SK 
245 1 0 |a Determinants of household saving: evidence from Slovakia  |c Renáta Pitoňáková 
520 |a Faktory zvyšovania úspor v krátkom a dlhom období. Aplikácia ARDL pre identifikáciu vzťahov faktorov. Význam faktoru pomer závislosti (dependancy ratio). 
610 2 0 |a úspory obyvateľstva 
610 2 0 |a domácnosti 
610 2 0 |a index determinácie 
100 1 |a Pitoňáková, Renáta, 1967-